000 00380nam a22001577a 4500
003 OSt
005 20250326105955.0
008 250326b |||||||| |||| 00| 0 eng d
020 _a9789355735195
040 _c
082 _210
_a540
_bSKO
245 _aFundamentals of Analytical Chemistry
_cSkoog,Douglas A
250 _a10
260 _bCengage
_c2022
942 _2ddc
_cBK
_e10
_n0
999 _c36218
_d36218